[Lexikon našich hospodářskych dějin]

Recenzia na monografiu Lexikon našich hospodářskych dějin. Autori sa pokúsili zhromaždiť pomerne širokú databázu pojmov, termínov, podnikateľských osobností a firiem, ktoré mali výrazný vplyv na hospodársky vývoj Čiech a Slovenska v druhej polovici 19. storočia a v 20. storočí.

Gespeichert in:
Bibliographische Detailangaben
1. Verfasser: Piovarčiová, Veronika, 1951-
Format: Buchkapitel
Sprache:Slowakisch
Schlagworte:
Tags: Tag hinzufügen
Keine Tags, Fügen Sie das erste Tag hinzu!

MARC

LEADER 00000naa$a2200000$$$4500
001 0016574
005 20240502071403.0
041 0 |a slo 
044 |a SK 
245 1 0 |a [Lexikon našich hospodářskych dějin]  |c Veronika Piovarčiová 
520 |a Recenzia na monografiu Lexikon našich hospodářskych dějin. Autori sa pokúsili zhromaždiť pomerne širokú databázu pojmov, termínov, podnikateľských osobností a firiem, ktoré mali výrazný vplyv na hospodársky vývoj Čiech a Slovenska v druhej polovici 19. storočia a v 20. storočí. 
610 2 0 |a recenzie 
610 2 0 |a pojmy 
610 2 0 |a ekonómia 
610 2 0 |a história 
610 2 0 |a Česko 
610 2 0 |a Slovensko 
610 2 0 |a osobnosť 
610 2 0 |a firmy 
610 2 0 |a vývoj hospodársky 
100 1 |a Piovarčiová, Veronika, 1951-